• 首页
  • 本馆介绍
  • 公告通知
  • 最新文献
  • 馆藏检索
  • 电子资源
  • 读者导购
  • 参考咨询
  • 我的图书馆
  • 登录
  • 详细信息显示
  • 放入我的书架
  • 预约/预借图书
  • 作者相关作品
  • 分类相关作品
  • 丛书相关作品
  • 出版社相关作品

书目信息

  • 表格格式
  • 工作单格式
  • 卡片格式
题名:
Pro/ENGINEER产品设计从入门到精通
    
 
作者: 梁为民
分册:  
出版信息: 北京   航空工业出版社  2010.10
页数: 346页
开本: 26cm
丛书名:
单 册:
中图分类: TB472-39
科图分类:
主题词: 工业技术--通用 , 工业--设备--通用性
电子资源:
ISBN: 978-7-80243-612-1
000 00693nam0 2200217 450
001 3611
005 20160926152525.50
010    @a978-7-80243-612-1@b平装@dCNY39.80
100    @a20151001d2010 km y0chiy0120 ea
101 0  @achi
102    @aCN@b110000
200 1  @aPro/ENGINEER产品设计从入门到精通@APro/ENGINEER chan pin she ji cong ru men dao jing tong@f梁为民@Fliang wei min
210    @a北京@c航空工业出版社@d2010.10
215    @a346页@d26cm
330    @a工业产品·计算机辅助设计·应用设计
606 0  @a工业技术@x通用
606 0  @a工业@x设备@x通用性
690    @aTB472-39@v4
701  0 @a梁为民@Aliang wei min
801  0 @aCN@b唐山师范学院图书馆@c20151001
905    @aZUCC@dTB472-39@e264
    
    Pro/ENGINEER产品设计从入门到精通/梁为民.-北京:航空工业出版社,2010.10
    346页;26cm
    
    
    ISBN 978-7-80243-612-1(平装):CNY39.80
    工业产品·计算机辅助设计·应用设计
●
相关链接 在E读中查询图书 在五车中查询图书 在当当中查询图书 在豆瓣中查询图书


正题名:Pro/ENGINEER产品设计从入门到精通     索取号:TB472-39/264         预约/预借

序号 登录号 条形码 馆藏地/架位号 状态 备注
1 905520   209055207   第二样本阅览室/ [索取号:TB472-39/264] 在馆    
2 905521   209055216   第三借阅区/ [索取号:TB472-39/264] 在馆    
3 905522   209055225   第三借阅区/ [索取号:TB472-39/264] 在馆    
4 905523   209055234   第三借阅区/ [索取号:TB472-39/264] 在馆    
5 905524   209055243   密集书库—计算机科学学院/ [索取号:TB472-39/264] 在馆    
唐山师范学院图书馆 欢迎您!
大连网信软件有限公司© 版权所有